01079nam a2200289 a 4500001001200000003000800012006001900020007001500039008004100054020001800095020001500113040002100128035002100149050002400170100001600194245007700210260005300287300001500340504005100355533015200406650001500558650002700573655002900600710001700629856012600646999001700772ebr10416099CaPaEBRm u cr cn|||||||||101001s2006 ii sb 001 0 eng d z9788189645007 z8189645005 aCaPaEBRcCaPaEBR a(OCoLC)60682884414aLB14.7b.P87 2006eb1 aPuri, Usha.10aEducationh[electronic resource] :btheory and practice /cby Usha Puri. aNew Delhi [India] :bPragun Publications,c2006. aix, 389 p. aIncludes bibliographical references and index. aElectronic reproduction.bPalo Alto, Calif. :cebrary,d2010.nAvailable via World Wide Web.nAccess may be limited to ebrary affiliated libraries. 0aEducation. 0aEducationxPhilosophy. 7aElectronic books.2local2 aebrary, Inc.40uhttp://site.ebrary.com/lib/rucke/Doc?id=10416099zAn electronic book accessible through the World Wide Web; click to view c86311d86311